000 00528cab a2200217 4500
001 WB3139-74
008 090401t1995 xxu||||| |||| 00| 0 eng d
035 _a(Sirsi) u3184
041 _aeng
245 _aStirling
260 _c1995
300 _aLOAN
350 _a0
490 _aHerald
_v18 October 1995, (8)
520 _aA focus on Stirling, its heritage, housing, shops, and plans for the future.
650 _aSCOTLAND
650 _aSTIRLING
690 _aSPECIAL REPORTS
942 _n0
948 _c04/03/1997
999 _c1942
_d1942